000 00367pab a2200145 454500
008 180718b1983 xxu||||| |||| 00| 0 eng d
100 _aNagata, Kiyoshi
245 _aStress in Japan still on learning by doing
260 _c1983
300 _a13-15
362 _a21 Feb.
650 _aManagement - Study and Teaching - Japan
773 _aCapital
909 _a13153
999 _c13153
_d13153